Presidents of Ukraine since 1917 - with a picture - Statistics

General Stats
  • This quiz has been taken 37 times
    35 since last reset
  • The average score is 8 of 17
Answer Stats
Picture Hint Answer % Correct
since 2019 Volodymyr Zelensʹkyj |
Володимир Зеленський
86%
1994-2005 Leonid Kučma |
Леонід Кучма
82%
2014-2019 Petro Porošenko |
Петро Порошенко
79%
2005-2010 Viktor Juščenko |
Віктор Ющенко
68%
1990/91-1994 Leonid Kravčuk |
Леонід Кравчук
61%
1917-1918 Mychajlo Hruševs'kyj |
Михайло Грушевський
54%
2010-2014 Vìktor Janukovyč |
Віктор Янукович
54%
1918 Pavlo Skoropadsʹkyj |
Павло Скоропадський
50%
1918-1919 Volodymyr Vynnyčenko |
Володимир Винниченко
46%
2014
Acting President
Oleksandr Turčynov |
Олександр Турчинов
39%
1919-1926
in Exile since 1921
Symon Petljura |
Симон Петлюра
39%
1918-1919
(Western Ukraine)
Jevhen Petruševyč |
Євген Петрушевич
32%
1939
(Carpatho-Ukraine)
Avgustyn Vološyn |
Авґустин Волошин
29%
1926-1954
in Exile
Andrij Livyc'kyj |
Андрій Лівицький
14%
1967-1989
in Exile
Mykola Livyc'kyj |
Микола Лівицький
14%
1989-1992
in Exile
Mykola Plav'juk |
Микола Плав'юк
11%
1954-1965
in Exile
Stepan Vytvyc'kyj |
Степан Витвицький
11%
No matching quizzes found
Score Distribution
Percent of People with Each Score
Percentile by Number Answered
Your Score History
You have not taken this quiz since the last reset